Stolice prowincji Estonii - Statystyki

Ogólne statystyki
  • Ten quiz został rozwiązany 4 razy
  • Średni wynik to 5 z 15
Statystyki odpowiedzi
prowincja stolica % Poprawnych
Harjumaa Tallinn
100%
Tartu Tartu
75%
Jarvamaa Paide
50%
Parnawa Parnawa
50%
Laanemaa Haapsalu
25%
Jogevamaa Jogeva
25%
Polvamaa Polva
25%
Raplamaa Rapla
25%
Valgamaa Valga
25%
Viljandimaa Viljandi
25%
Vorumaa Voru
25%
Hiuma Gardla
0%
Viruma Wschodnia Johvi
0%
Sarema Kussaare
0%
Viruma Zachodnia Rakvere
0%
Nie znaleziono quizów pasujących do podanych kryteriów
Rozkład punktacji
Procent ludzi z każdym wynikiem
Percentyl według liczby udzielonych odpowiedzi
Twoja historia wyników
Nie rozwiązałeś tego quizu